<?xml version="1.0" encoding="UTF-8"?><marc:collection xmlns:marc="http://www.loc.gov/MARC21/slim">
  <marc:record>
    <marc:leader>02175cam a2200493 c 4500</marc:leader>
    <marc:controlfield tag="001">179384376</marc:controlfield>
    <marc:controlfield tag="003">DE-603</marc:controlfield>
    <marc:controlfield tag="005">20240729192703.0</marc:controlfield>
    <marc:controlfield tag="007">tu</marc:controlfield>
    <marc:controlfield tag="008">060706s2006    xx ||||  |   u00| u|ger  </marc:controlfield>
    <marc:datafield tag="015" ind1=" " ind2=" ">
      <marc:subfield code="a">06,B29,0079</marc:subfield>
      <marc:subfield code="z">06,N24,0539</marc:subfield>
      <marc:subfield code="2">dnb</marc:subfield>
    </marc:datafield>
    <marc:datafield tag="016" ind1="7" ind2=" ">
      <marc:subfield code="2">DE-101</marc:subfield>
      <marc:subfield code="a">97979191X</marc:subfield>
    </marc:datafield>
    <marc:datafield tag="020" ind1=" " ind2=" ">
      <marc:subfield code="a">3865930476</marc:subfield>
      <marc:subfield code="c">kart. : EUR 15.00</marc:subfield>
    </marc:datafield>
    <marc:datafield tag="024" ind1="3" ind2=" ">
      <marc:subfield code="a">9783865930477</marc:subfield>
    </marc:datafield>
    <marc:datafield tag="028" ind1="5" ind2="2">
      <marc:subfield code="a">13168</marc:subfield>
    </marc:datafield>
    <marc:datafield tag="035" ind1=" " ind2=" ">
      <marc:subfield code="a">(DE-599)DNB97979191X</marc:subfield>
    </marc:datafield>
    <marc:datafield tag="035" ind1=" " ind2=" ">
      <marc:subfield code="a">(OCoLC)156067688</marc:subfield>
    </marc:datafield>
    <marc:datafield tag="040" ind1=" " ind2=" ">
      <marc:subfield code="a">DE-603</marc:subfield>
      <marc:subfield code="b">ger</marc:subfield>
      <marc:subfield code="c">DE-603</marc:subfield>
      <marc:subfield code="d">DE-603</marc:subfield>
    </marc:datafield>
    <marc:datafield tag="041" ind1=" " ind2=" ">
      <marc:subfield code="a">ger</marc:subfield>
    </marc:datafield>
    <marc:datafield tag="082" ind1="0" ind2="4">
      <marc:subfield code="8">2\u</marc:subfield>
      <marc:subfield code="a">331.127</marc:subfield>
      <marc:subfield code="q">DE-101</marc:subfield>
      <marc:subfield code="2">22/ger</marc:subfield>
    </marc:datafield>
    <marc:datafield tag="083" ind1="0" ind2=" ">
      <marc:subfield code="8">3\u</marc:subfield>
      <marc:subfield code="a">338.4</marc:subfield>
      <marc:subfield code="q">DE-101</marc:subfield>
      <marc:subfield code="2">22/ger</marc:subfield>
    </marc:datafield>
    <marc:datafield tag="084" ind1=" " ind2=" ">
      <marc:subfield code="a">330</marc:subfield>
      <marc:subfield code="q">DE-101</marc:subfield>
      <marc:subfield code="2">sdnb</marc:subfield>
    </marc:datafield>
    <marc:datafield tag="084" ind1=" " ind2=" ">
      <marc:subfield code="a">QR 560</marc:subfield>
      <marc:subfield code="0">(DE-625)142061:</marc:subfield>
      <marc:subfield code="0">(DE-603)411132814</marc:subfield>
      <marc:subfield code="2">rvk</marc:subfield>
    </marc:datafield>
    <marc:datafield tag="085" ind1=" " ind2=" ">
      <marc:subfield code="8">2\u</marc:subfield>
      <marc:subfield code="b">331.127</marc:subfield>
    </marc:datafield>
    <marc:datafield tag="085" ind1=" " ind2=" ">
      <marc:subfield code="8">3\u</marc:subfield>
      <marc:subfield code="b">338.4</marc:subfield>
    </marc:datafield>
    <marc:datafield tag="090" ind1=" " ind2=" ">
      <marc:subfield code="a">b</marc:subfield>
    </marc:datafield>
    <marc:datafield tag="245" ind1="0" ind2="0">
      <marc:subfield code="a">GATS-Dienstleistungsliberalisierung</marc:subfield>
      <marc:subfield code="b">sektorale Auswirkungen und temporäre Mobilität von Erwerbstätigen</marc:subfield>
      <marc:subfield code="c">Thomas Fritz ...</marc:subfield>
    </marc:datafield>
    <marc:datafield tag="264" ind1=" " ind2="1">
      <marc:subfield code="a">Düsseldorf</marc:subfield>
      <marc:subfield code="b">Hans-Böckler-Stiftung</marc:subfield>
      <marc:subfield code="c">2006</marc:subfield>
    </marc:datafield>
    <marc:datafield tag="300" ind1=" " ind2=" ">
      <marc:subfield code="a">180 Seiten</marc:subfield>
      <marc:subfield code="b">Diagramme</marc:subfield>
      <marc:subfield code="c">21 cm</marc:subfield>
    </marc:datafield>
    <marc:datafield tag="336" ind1=" " ind2=" ">
      <marc:subfield code="a">Text</marc:subfield>
      <marc:subfield code="b">txt</marc:subfield>
      <marc:subfield code="2">rdacontent</marc:subfield>
    </marc:datafield>
    <marc:datafield tag="337" ind1=" " ind2=" ">
      <marc:subfield code="a">ohne Hilfsmittel zu benutzen</marc:subfield>
      <marc:subfield code="b">n</marc:subfield>
      <marc:subfield code="2">rdamedia</marc:subfield>
    </marc:datafield>
    <marc:datafield tag="338" ind1=" " ind2=" ">
      <marc:subfield code="a">Band</marc:subfield>
      <marc:subfield code="b">nc</marc:subfield>
      <marc:subfield code="2">rdacarrier</marc:subfield>
    </marc:datafield>
    <marc:datafield tag="490" ind1="1" ind2=" ">
      <marc:subfield code="a">Edition der Hans-Böckler-Stiftung</marc:subfield>
      <marc:subfield code="v">168</marc:subfield>
    </marc:datafield>
    <marc:datafield tag="500" ind1=" " ind2=" ">
      <marc:subfield code="a">Literaturverzeichnis Seite 149 - 161</marc:subfield>
    </marc:datafield>
    <marc:datafield tag="630" ind1="0" ind2="7">
      <marc:subfield code="a">Allgemeines Übereinkommen über den Dienstleistungsverkehr</marc:subfield>
      <marc:subfield code="f">1994 April 15</marc:subfield>
      <marc:subfield code="0">(DE-588)4402869-6</marc:subfield>
      <marc:subfield code="0">(DE-603)088541819</marc:subfield>
      <marc:subfield code="2">gnd</marc:subfield>
    </marc:datafield>
    <marc:datafield tag="650" ind1=" " ind2="7">
      <marc:subfield code="a">Auswirkung</marc:subfield>
      <marc:subfield code="0">(DE-588)4112646-4</marc:subfield>
      <marc:subfield code="0">(DE-603)085331813</marc:subfield>
      <marc:subfield code="2">gnd</marc:subfield>
    </marc:datafield>
    <marc:datafield tag="700" ind1="1" ind2=" ">
      <marc:subfield code="8">1\p</marc:subfield>
      <marc:subfield code="a">Fritz, Thomas</marc:subfield>
      <marc:subfield code="d">1976-</marc:subfield>
      <marc:subfield code="0">(DE-603)198922531</marc:subfield>
      <marc:subfield code="0">(DE-588)135568226</marc:subfield>
      <marc:subfield code="2">gnd</marc:subfield>
    </marc:datafield>
    <marc:datafield tag="810" ind1="2" ind2="2">
      <marc:subfield code="a">Hans-Böckler-Stiftung</marc:subfield>
      <marc:subfield code="t">Edition</marc:subfield>
      <marc:subfield code="v">168</marc:subfield>
      <marc:subfield code="w">(DE-603)074513478</marc:subfield>
      <marc:subfield code="w">(DE-600)2012290-1</marc:subfield>
      <marc:subfield code="w">(DE-599)ZDB2012290-1</marc:subfield>
      <marc:subfield code="9">3168</marc:subfield>
      <marc:subfield code="7">as</marc:subfield>
    </marc:datafield>
    <marc:datafield tag="856" ind1="4" ind2="2">
      <marc:subfield code="q">text/html</marc:subfield>
      <marc:subfield code="u">http://deposit.dnb.de/cgi-bin/dokserv?id=2812297&amp;prov=M&amp;dok_var=1&amp;dok_ext=htm</marc:subfield>
      <marc:subfield code="3">Inhaltstext</marc:subfield>
    </marc:datafield>
    <marc:datafield tag="856" ind1="4" ind2="2">
      <marc:subfield code="m">V:DE-605</marc:subfield>
      <marc:subfield code="q">application/pdf</marc:subfield>
      <marc:subfield code="u">http://scans.hebis.de/HEBCGI/show.pl?17938437_toc.pdf</marc:subfield>
      <marc:subfield code="3">Inhaltsverzeichnis</marc:subfield>
    </marc:datafield>
    <marc:datafield tag="883" ind1=" " ind2=" ">
      <marc:subfield code="8">1\p</marc:subfield>
      <marc:subfield code="a">cgwrk</marc:subfield>
      <marc:subfield code="d">20220215</marc:subfield>
      <marc:subfield code="q">DE-101</marc:subfield>
      <marc:subfield code="u">https://d-nb.info/provenance/plan#cgwrk</marc:subfield>
    </marc:datafield>
    <marc:datafield tag="924" ind1="0" ind2=" ">
      <marc:subfield code="9">30</marc:subfield>
      <marc:subfield code="a">(DE-603)440404320</marc:subfield>
      <marc:subfield code="b">DE-30</marc:subfield>
      <marc:subfield code="c">HES</marc:subfield>
      <marc:subfield code="d">c</marc:subfield>
      <marc:subfield code="g">88.159.74</marc:subfield>
    </marc:datafield>
    <marc:datafield tag="924" ind1="0" ind2=" ">
      <marc:subfield code="9">30/204</marc:subfield>
      <marc:subfield code="a">(DE-603)1335372873</marc:subfield>
      <marc:subfield code="b">DE-30-204</marc:subfield>
      <marc:subfield code="c">HES</marc:subfield>
      <marc:subfield code="d">d</marc:subfield>
      <marc:subfield code="g">Aa 1320</marc:subfield>
    </marc:datafield>
    <marc:datafield tag="924" ind1="0" ind2=" ">
      <marc:subfield code="9">66/0</marc:subfield>
      <marc:subfield code="a">(DE-603)499933540</marc:subfield>
      <marc:subfield code="b">DE-66-0</marc:subfield>
      <marc:subfield code="c">HES</marc:subfield>
      <marc:subfield code="d">c</marc:subfield>
      <marc:subfield code="g">21 / QR 560 F919 G26</marc:subfield>
      <marc:subfield code="h">2. OG</marc:subfield>
    </marc:datafield>
  </marc:record>
</marc:collection>
